<?xml version="1.0" encoding="UTF-8"?>
<marc:record xmlns:marc="http://www.loc.gov/MARC21/slim">
   <marc:leader>00000nam a2200000 a 4500</marc:leader>
   <marc:datafield ind1="1" ind2=" " tag="100">
      <marc:subfield code="a">Ardagh, Philip</marc:subfield>
      <marc:subfield code="4">aut</marc:subfield>
      <marc:subfield code="e">Verfasser/-in</marc:subfield>
   </marc:datafield>
   <marc:datafield ind1="0" ind2="0" tag="245">
      <marc:subfield code="a">Familie Grunz in der Bredouille</marc:subfield>
   </marc:datafield>
   <marc:datafield ind1="0" ind2="0" tag="245">
      <marc:subfield code="c">Ardagh, Philip</marc:subfield>
   </marc:datafield>
   <marc:datafield ind1=" " ind2="1" tag="264">
      <marc:subfield code="a">Weinheim</marc:subfield>
      <marc:subfield code="b">Beltz &amp; Gelberg</marc:subfield>
      <marc:subfield code="c">2014</marc:subfield>
   </marc:datafield>
   <marc:datafield ind1="1" ind2=" " tag="490">
      <marc:subfield code="a">Familie Grunz</marc:subfield>
   </marc:datafield>
   <marc:datafield ind1="1" ind2=" " tag="520">
      <marc:subfield code="a">Angaben aus der Verlagsmeldung

Familie Grunz in der Bredouille The Grunts in a Jam / von Philip Ardagh

Diesmal kommt alles NOCH SCHLIMMER bei Familie Grunz – denn Oma Grunz ist mit von der Partie und macht das CHAOS perfekt.

Weil Oma Grunz an einem Kompott-Konfitüre-und-Gelee-Wettbewerb teilnehmen will, fährt die Familiensippe zum Jahrmarkt. Unglaublich, was dort so alles schief-, kaputt- und in die Luft gehen kann, wenn Familie Grunz ihr Unwesen treibt. Am Ende landen die Grunzens sogar hinter Gittern! Alle Hände voll zu tun für Sohnemann und Mimi, die Einzigen, die den Durchblick behalten. Meistens jedenfalls.
</marc:subfield>
   </marc:datafield>
   <marc:datafield ind1=" " ind2=" " tag="020">
      <marc:subfield code="a">9783407746399</marc:subfield>
      <marc:subfield code="9">9783407746399</marc:subfield>
   </marc:datafield>
   <marc:datafield ind1=" " ind2=" " tag="020">
      <marc:subfield code="a">3407746393</marc:subfield>
      <marc:subfield code="9">3407746393</marc:subfield>
   </marc:datafield>
   <marc:datafield ind1=" " ind2=" " tag="041">
      <marc:subfield code="a">ger</marc:subfield>
   </marc:datafield>
   <marc:datafield ind1=" " ind2=" " tag="300">
      <marc:subfield code="a">244 Seiten</marc:subfield>
   </marc:datafield>
</marc:record>
